1316 1476 1621 1589 1431 1633 1657 1973 1288 1879 1400 1426 1925 1821 1444 1107 1940 1567 1965 1974 1993 1831 1979 1102 1789 1103 1299 1573 1685 1910 1643 1890 1601 1142 1613 1961 1723 1254 1594 1968 1337 1571 1601 1861 1537 1415 1787 1762 1762 1953 1020 1980 1704 1445 1591 1680 1484 1564 1393 1370 1193 1109 1090 1367 1775 1227 1232 1540 1441 1233 1398 1960 1162 1968 1948 1485 1123 1121 1465 1067 1808 1036 1502 1975 1561 1975 1120 1842 1458 1838 1147 1548 1918 1485 1157 1623 1846 1003 1235 BCNSPRNW ULIB Ver.6.0+V

เปลี่ยนเป็นภาษาไทย

Change to English
 แสดงรายละเอียดบรรณานุกรม
  กลับหน้าหลัก

Brief Record : Get Marc (ISO 2709) : E-mail record : QR code < ปิดหน้าต่าง
LEADER : 00000nam 2200000uu 4500
001    13399124964
003     ULIB
008    160526s2552||||th 000 0 tha d
020    ^a9786117197093
060  4 ^aWW100^bศ927น
245 00 ^aแนวทางจักษุวิทยาสำหรับเวชปฏิบัติทั่วไป /^cบรรณาธิการ ศักดิ์ชัย วงศกิตติรักษ์
246 14 ^aEye care for GP =^bแนวทางจักษุวิทยาสำหรับเวชปฏิบัติทั่วไป
250    ^aพิมพ์ครั้งที่ 1
260    ^aกรุงเทพฯ :^bหมอชาวบ้าน,^c2552
300    ^a84 หน้า :^bภาพประกอบ
650  7 ^aตา, โรค^xการวินิจฉัย
650  7 ^aตา, โรค^xการรักษา
650  7 ^aจักษุวิทยา
700 0  ^aศักดิ์ชัย วงศกิตติรักษ์,^eบรรณาธิการ
945    ^p150^l0^i000910
945    ^p150^l0^i000911
945    ^p150^l0^i000912
999    ^aเกษร โพธิ์สุวรรณ
รายการนี้ยังไม่มีแท็ก
คุณยังไม่ได้ล็อกอิน คุณสามารถมีกิจกรรมร่วมกับเว็บไซต์ได้ แต่ต้องล็อกอินก่อน ::
  ล็อกอิน

รายการสื่อสารสนเทศ

ลำดับที่ ประเภท เลขเรียก/บาร์โค้ด สถานที่ สถานะ
1. วิทยาศาสตร์การแพทย์ และสุขภาพ
หนังสือสำรอง
สถานะ=หนังสือสำรอง
WW100 ศ927น ฉ.1 
  Barcode: 000910
ห้องสมุดวิทยาเขตสวรรค์ประชารักษ์
►หนังสือทั่วไป
บนชั้น
2. วิทยาศาสตร์การแพทย์ และสุขภาพ
วิทยาศาสตร์การแพทย์ และสุขภาพ
WW100 ศ927น ฉ.2 
  Barcode: 000911
ห้องสมุดวิทยาเขตสวรรค์ประชารักษ์
►หนังสือทั่วไป
บนชั้น
3. วิทยาศาสตร์การแพทย์ และสุขภาพ
วิทยาศาสตร์การแพทย์ และสุขภาพ
WW100 ศ927น ฉ.3 
  Barcode: 000912
ห้องสมุดวิทยาเขตสวรรค์ประชารักษ์
►หนังสือทั่วไป
บนชั้น

รายการใกล้เคียง
    หัวเรื่อง [จักษุวิทยา]

BibComment


ยังไม่เคยถูกคอมเมนท์

คอมเมนท์ทรัพยากรรายการนี้
  คอมเมนท์: แนวทางจักษุวิทยา..


 Copyright 2026. Bcnsprnw @Library